| 000 | 00432pab a2200145 454500 | ||
|---|---|---|---|
| 008 | 180718b1999 xxu||||| |||| 00| 0 eng d | ||
| 100 | _aBennis, Warren | ||
| 245 | _aThe end of leadership: exemplary leadership is impossible without full inclusion, initiative, and cooperation of followers | ||
| 260 | _c1999 | ||
| 300 | _ap.71-79 | ||
| 362 | _aSummer | ||
| 650 | _aLeadership | ||
| 773 | _aOrganization Dynamics | ||
| 909 | _a41876 | ||
| 999 |
_c41876 _d41876 |
||